LEADER 00828nab a2200145 i 4500 001 000000268119 003 CaOOAMICUS 005 20080207000000.0 008 080207n xx uu u0 0und r 013 $a13142 040 $aSeMil$bita 245 10$aStudies of the Psalms :$bRetrospect and Prospect ; Urban Regeneration : A Theological Perspective from the West End of Newcastle-upon-Tyne ; A Magnificent Seven : C. K. Barrett at 90. - Titoli dalla copertina. 500 $aFebruary 2008. 773 0 $tOctober 2007-September 2008.$dLondon : SAGE Publications, copyr. 2007-2008.$w()165891 996 $6245$aStudies of the Psalms :$bRetrospect and Prospect ; Urban Regeneration : A Theological Perspective from the West End of Newcastle-upon-Tyne ; A Magnificent Seven : C. K. Barrett at 90. - Titoli dalla copertina.$9(OLS)http://semarc/title/358604 LEADER 01014nam a2200265 i 4500 001 000000231159 003 CaOOAMICUS 005 20140714000000.0 008 140714n it u000 u ger u 013 $a210062 040 $aSeMil$bita 100 1 $aHeine, Heinrich,$d<1797-1856>.$0(OLS)http://semarc/name/7584 245 10$aRomanzero /$cHeinrich Heine ; hrsg. von Hartwig Jess. 260 $aLeipzig :$bReclam,$c[192-?] 300 $a200 p. ;$c16 cm. 490 0 $aReclams Universal-Bibliothek ;$v2250.-2251 500 $aFondo card. Giovanni Colombo. 700 1 $aJess, Hartwig.$0(OLS)http://semarc/name/79559 830 0$aReclams Universal-Bibliothek ;$v2250.-2251.$0(OLS)http://semarc/title/34635 850 $aSeMil 852 $aSeMil$W1$xVenegono$y1$m3GC I 153$j181505$B181505$CSeMilBibl$Z2$F192659 $8B 941 1 $a3 961 $aLascito: Colombo Card. Giovanni 996 $6245$aRomanzero$9(OLS)http://semarc/title/330155 996 $6260$aLeipzig :$bReclam$9(OLS)http://semarc/publisher/34416